[Event "ESP-ch U16"]
[White "Pascual Garcia, Martin"]
[Black "Ruiz Buendia, Miguel"]
[Site "Salobrena"]
[Round "8"]
[Result "1-0"]
[Date "2020.08.14"]
[WhiteElo "1810"]
[BlackElo "2044"]
[PlyCount "61"]
[EventDate "2020.08.10"]
[EventType "swiss"]
[EventRounds "9"]
[EventCountry "ESP"]
[SourceTitle "EXT 2021"]
[Source "ChessBase"]
[SourceDate "2020.10.23"]
[SourceVersion "1"]
[SourceVersionDate "2020.10.23"]
[SourceQuality "1"]

1. c4 c5 2. g3 Nc6 3. Bg2 g6 4. Nc3 Bg7 5. Nf3 e6 6. d4 Nxd4 7. Nxd4 Bxd4 8. Nb5 Qb6 9. Bf4 e5 10. Bd2 a6 11. Nxd4 cxd4 12. 0-0 Ne7 13. e3 dxe3 14. Bxe3 Qe6 15. Bc5 a5 16. f4 f6 17. fxe5 fxe5 18. Bd5 Nxd5 19. cxd5 Qh3 20. Qf3 Qf5 21. Rae1 Qxf3 22. Rxe5+ Kf7 23. Rxf3+ Kg7 24. Re7+ Kh6 25. Be3+ g5 26. g4 Ra6 27. h4 Rd6 28. Bxg5+ Kg6 29. Rf5 h5 30. Bf4 Rb6 31. Be5 1-0

[Event "ESP-ch U16"]
[White "Carbonell Sancho, Marc"]
[Black "Pascual Garcia, Martin"]
[Site "Salobrena"]
[Round "5"]
[Result "1-0"]
[Date "2020.08.12"]
[WhiteElo "2187"]
[BlackElo "1810"]
[PlyCount "77"]
[EventDate "2020.08.10"]
[EventType "swiss"]
[EventRounds "9"]
[EventCountry "ESP"]
[SourceTitle "EXT 2021"]
[Source "ChessBase"]
[SourceDate "2020.10.23"]
[SourceVersion "1"]
[SourceVersionDate "2020.10.23"]
[SourceQuality "1"]

1. e4 Nf6 2. e5 Nd5 3. c4 Nb6 4. d4 d6 5. exd6 cxd6 6. Nc3 g6 7. Be3 Bg7 8. Rc1 0-0 9. b3 Bf5 10. Nf3 Bg4 11. Be2 d5 12. c5 Nc8 13. h3 Bxf3 14. Bxf3 e6 15. b4 a6 16. a4 Ne7 17. 0-0 Nf5 18. b5 Qf6 19. Ne2 axb5 20. axb5 Nxe3 21. fxe3 Bh6 22. Qd3 Qe7 23. Ra1 Nd7 24. Nf4 Nf6 25. Kh1 Qc7 26. b6 Qc6 27. Qb3 Ne4 28. Bxe4 dxe4 29. Rxa8 Rxa8 30. d5 Qa4 31. Qxa4 Rxa4 32. c6 Bxf4 33. Rxf4 Ra8 34. dxe6 f5 35. c7 Kf8 36. g4 Ke7 37. gxf5 gxf5 38. Rxf5 Kxe6 39. Rc5 1-0

[Event "ESP-ch U12"]
[White "Escartin Lacasa, Jose"]
[Black "Pascual Garcia, Martin"]
[Site "Granada"]
[Round "2"]
[Result "1-0"]
[Date "2016.07.04"]
[WhiteElo "1839"]
[BlackElo "1462"]
[PlyCount "75"]
[EventDate "2016.07.04"]
[EventType "swiss"]
[EventRounds "9"]
[EventCountry "ESP"]
[SourceTitle "EXT 2024"]
[Source "ChessBase"]
[SourceDate "2023.10.10"]
[SourceVersion "1"]
[SourceVersionDate "2023.10.10"]
[SourceQuality "1"]

1. d4 Nf6 2. Nf3 c5 3. c3 d5 4. Bf4 Nc6 5. e3 Qb6 6. Qb3 c4 7. Qc2 Bf5 8. Qc1 e6 9. Be2 Be7 10. 0-0 0-0 11. Nbd2 Qd8 12. Nh4 Be4 13. Nxe4 Nxe4 14. Nf3 b5 15. Nd2 Nf6 16. b3 Bd6 17. Bxd6 Qxd6 18. e4 e5 19. exd5 Nxd5 20. bxc4 bxc4 21. Nxc4 Qe6 22. dxe5 Nxe5 23. Re1 Rac8 24. Nxe5 Qxe5 25. Bg4 Qxc3 26. Bxc8 Qxc8 27. Qxc8 Rxc8 28. Rac1 Rb8 29. g3 h6 30. Re5 Nf6 31. Rc7 a6 32. Ra7 Rb1+ 33. Kg2 Ra1 34. Ree7 Rxa2 35. Rxf7 a5 36. Rxg7+ Kh8 37. Rgf7 Ne8 38. Rf8# 1-0

[Event "Benidorm New Generation U12 11th"]
[White "Olariu, Luca Stefan"]
[Black "Pascual Garcia, Martin"]
[Site "Benidorm"]
[Round "7.2"]
[Result "1-0"]
[Date "2015.12.08"]
[WhiteElo "1566"]
[BlackElo "1420"]
[PlyCount "111"]
[EventDate "2015.12.04"]
[EventType "swiss"]
[EventRounds "7"]
[EventCountry "ESP"]
[SourceTitle "EXT 2024"]
[Source "ChessBase"]
[SourceDate "2023.10.10"]
[SourceVersion "1"]
[SourceVersionDate "2023.10.10"]
[SourceQuality "1"]

1. e4 c6 2. d4 d5 3. Nc3 dxe4 4. Nxe4 Bf5 5. Ng3 Bg6 6. Nf3 Nf6 7. Bd3 Nbd7 8. 0-0 e6 9. c4 Be7 10. Bxg6 hxg6 11. Re1 c5 12. d5 Nb6 13. dxe6 Qxd1 14. exf7+ Kf8 15. Rxd1 Nxc4 16. b3 Nd6 17. Ne5 Rh7 18. Nxg6+ Kxf7 19. Nxe7 Kxe7 20. Bf4 Nb5 21. Re1+ Kf7 22. Rac1 b6 23. Ne4 Nxe4 24. Rxe4 Rd8 25. h3 Nd4 26. Rce1 Nf5 27. Re5 g6 28. Bg5 Rd7 29. g4 Nd4 30. Re7+ Kg8 31. Re8+ Kf7 32. R1e7+ Rxe7 33. Rxe7+ Kg8 34. Rxh7 Kxh7 35. Kg2 b5 36. Be3 Ne6 37. f4 c4 38. bxc4 bxc4 39. Kf3 Nc7 40. Bxa7 Nb5 41. Be3 Nc3 42. a3 Na4 43. Ke4 c3 44. Kd3 Kg7 45. Bd4+ Kf7 46. Bxc3 Nc5+ 47. Kd4 Na6 48. Ke5 Nc5 49. f5 g5 50. Bd2 Nd3+ 51. Kd4 Nb2 52. Bxg5 Na4 53. h4 Kg7 54. h5 Kf7 55. h6 Nb6 56. Bf4 1-0